| 000 | 00537cam a2200217ua 4500 | ||
|---|---|---|---|
| 001 | 1226 | ||
| 008 | 110620n ii |||gr||||Z||||||eng | ||
| 040 | _cMAIN | ||
| 082 | _a338 | ||
| 245 | 1 |
_aIndustrial economics. _cBy S K Srivastava. |
|
| 250 | _a1st. | ||
| 260 |
_aNew Delhi.: _bS chand.,967. |
||
| 300 |
_a557 p.: _c21 cm. |
||
| 653 | _aEconomics. | ||
| 653 | _aIndustrial economics. | ||
| 700 | _aSrivastava, S K., | ||
| 700 | _aNigam, R S., | ||
| 700 | _aSahai, Bishamber., | ||
| 700 | _aBanerjee, Mrityunjoy., | ||
| 942 | _cBK | ||
| 999 |
_c1131 _d1131 |
||